Reconstructive surgery of the eyelids and ocular adnexa. (Record no. 44763)
[ view plain ]
| 000 -LEADER | |
|---|---|
| fixed length control field | 00790cam7a220024100 4500 |
| 001 - CONTROL NUMBER | |
| control field | lce00586836 |
| 008 - FIXED-LENGTH DATA ELEMENTS--GENERAL INFORMATION | |
| fixed length control field | 731212s1966 alua b 000 0 eng |
| 010 ## - LIBRARY OF CONGRESS CONTROL NUMBER | |
| LC control number | 66024780 //r882 |
| 035 ## - SYSTEM CONTROL NUMBER | |
| System control number | (Sirsi) r24971 |
| 035 ## - SYSTEM CONTROL NUMBER | |
| System control number | (DLC) 66024780 //r882 |
| 035 ## - SYSTEM CONTROL NUMBER | |
| System control number | (UPRA)lce00586836 |
| 040 ## - CATALOGING SOURCE | |
| Modifying agency | UPRA |
| 050 0# - LIBRARY OF CONGRESS CALL NUMBER | |
| Classification number | RE87 |
| Item number | .C3 |
| 082 ## - DEWEY DECIMAL CLASSIFICATION NUMBER | |
| Classification number | 617.71 |
| 100 1# - MAIN ENTRY--PERSONAL NAME | |
| Personal name | Callahan, Alston, 1911- |
| Dates associated with a name | Callahan, Alston, 1911- |
| Linkage | A88026.1 |
| 245 10 - TITLE STATEMENT | |
| Title | Reconstructive surgery of the eyelids and ocular adnexa. |
| 260 ## - PUBLICATION, DISTRIBUTION, ETC. | |
| Place of publication, distribution, etc. | Birmingham, AL : |
| Name of publisher, distributor, etc. | Aesculapius Pub. Co., |
| Date of publication, distribution, etc. | [1966] |
| 504 ## - BIBLIOGRAPHY, ETC. NOTE | |
| Bibliography, etc. note | Includes bibliographies. |
| 650 #0 - SUBJECT ADDED ENTRY--TOPICAL TERM | |
| Topical term or geographic name entry element | Blepharoplasty. |
| Linkage | S63285.1 |
| 650 #0 - SUBJECT ADDED ENTRY--TOPICAL TERM | |
| Topical term or geographic name entry element | Adnexa oculi -- Surgery. |
| General subdivision | Adnexa oculi -- Surgery. |
| Linkage | S63286.1 |
| 949 ## - LOCAL PROCESSING INFORMATION (OCLC) | |
| a | RE87 |
| w | LC |
| i | -24877 |
| m | MEDICAL |
| t | BOOK |
| l | ON-SHELF |
| Withdrawn status | Lost status | Source of classification or shelving scheme | Damaged status | Not for loan | Home library | Current library | Shelving location | Total Checkouts | Full call number | Barcode | Date last seen | Copy number | Price effective from | Koha item type |
|---|---|---|---|---|---|---|---|---|---|---|---|---|---|---|
| Library of Congress Classification | Medical Library | Medical Library | On Shelf | RE87 | -24877 | 08/13/2019 | 1 | 08/13/2019 | Book |